000 01504nam0a2200325 4500
001 RU\NLR\BIBL_A\022302045
005 20250128194045.0
010 _a978-5-6049974-0-6
_960
021 _aRU
_bКН-П-24-025042
_9КН-П-24-2584
035 _a(NLR Aleph) 022302045
090 _a13324229
_c13324229
100 _a20240819d2023 m y0rusy50 ca
101 0 _atat
102 _aRU
105 _ac z 000 y
181 0 _ai
_baxxe
182 0 _an
200 1 _aКүңгәр мәчетенең нуры
_e[Татарстан Респ. Әтнә р-ны Күңгәр, Югары һәм Түбән Шашы авыллары]: док.-публицист. язмалар, истәлекләр
_fМәхмүт Хәкимҗанов
203 _aТекст
_bвизуальный
_cнепосредственный
210 _aКазан
_cЯз
_d2023
215 _a135 б.
_cпортр., фот.
_d21
320 _aБиблиогр.: с. 131.
541 1 _6z01790
_a[Свет Кунгерской мечети
_eд. Кунгер, Верхние и Нижние Шаши Атнинского р-на Респ. Татарстан: док.-публицист. ст., воспоминания].
_zrus
686 1 _aЭ38-637
700 1 _aХәкимҗанов
_bМ. Г. улы
_gМәхмүт Гаделҗан улы
_4070
790 1 _6z01541
_aХакимзянов
_bМ. Г.
_gМахмут Гадельджанович
_4070
852 _aNLR
_bОНЛ
_jТатар./3-15971
942 _cBOOK
980 _aNB